00788nam a2200217Ia 4500003000400000005001700004008004100021040002100062041000800083082001400091245002800105260001500133260004100148260001100189300001800200300002800218300001100246505016000257520012900417650002400546OSt20200603151959.0191128s9999 xx 000 0 und d aCO-JMCRcCO-JMCR aspa aC /bRONs 0aSueños e ilusiones /  a[Bogotá] b[Publications International Iberia], c[2006] a35 páginas  b ilustraciones a color  c 22 cm aEl vestido soñado de Cenicienta -- El sueño de Blanca nieves -- Vivir un sueño -- El deseo de Jasmín -- Ariel en tierra -- Un deseo de cumpleaños aTe ofrecemos varios cuentos sobre los sueños y los deseos de las Princesas de Disney, en este libro acolchado de cartón. aCuentos infantiles